| 000 | 00837pab a2200145 454500 | ||
|---|---|---|---|
| 008 | 180718b xxu||||| |||| 00| 0 eng d | ||
| 100 | _aBerkman, Omit | ||
| 245 | _aBureaucracy and bribery: a conceptual framework | ||
| 520 | _aPublic bureaucracies carry a potential for bribery. This paper tries to identify and examine the factors affecting the potential or the probability of bribery. It is argued that the specific nature and the probability of bribery depend on the persons involved, the corrupt act in question, the organization in which the event takes place and finally the socio-cultural, economic and political environment within which the organization operates. - Reproduced | ||
| 650 | _a Corruption | ||
| 650 | _a Bribery | ||
| 650 | _aBureaucracy | ||
| 773 | _aInternational Journal of Public Administration | ||
| 909 | _a22489 | ||
| 999 |
_c22489 _d22489 |
||